|
|
|
|
| LEADER |
02432nam a2200649 i 4500 |
| 001 |
nkc20233492691 |
| 003 |
CZ PrNK |
| 005 |
20230404172428.0 |
| 007 |
ta |
| 008 |
230120s2022 xr abc c f 000 0 cze |
| 015 |
|
|
|a cnb003492691
|
| 020 |
|
|
|a 978-80-00-06899-2
|q (Albatros ;
|q vázáno) :
|c Kč 329,00
|
| 035 |
|
|
|a (OCoLC)1375350090
|
| 040 |
|
|
|a ABA001
|b cze
|e rda
|
| 072 |
|
7 |
|a 902
|x Archeologie
|2 Konspekt
|9 8
|
| 072 |
|
7 |
|a 0/9-053.2
|x Literatura pro děti a mládež (naučná)
|2 Konspekt
|9 26
|
| 080 |
|
|
|a 902
|2 MRF
|
| 080 |
|
|
|a 903.2
|2 MRF
|
| 080 |
|
|
|a 902:904
|2 MRF
|
| 080 |
|
|
|a 902-051
|2 MRF
|
| 080 |
|
|
|a (0.062)
|2 MRF
|
| 080 |
|
|
|a (084.11)
|2 MRF
|
| 080 |
|
|
|a (0.053.2)
|2 MRF
|
| 100 |
1 |
|
|a Sekaninová, Štěpánka
|7 ola2017959546
|4 aut
|
| 245 |
1 |
0 |
|a Hledání minulosti :
|b slavné nálezy a jejich nálezci /
|c Štěpánka Sekaninová, Tom Velčovský, Adam Wolf
|
| 250 |
|
|
|a 1. vydání
|
| 264 |
|
1 |
|a V Praze :
|b Albatros,
|c 2022
|
| 300 |
|
|
|a 87 stran :
|b barevné ilustrace, mapy, portréty ;
|c 33 cm
|
| 336 |
|
|
|a text
|b txt
|2 rdacontent
|
| 336 |
|
|
|a statický obraz
|b sti
|2 rdacontent
|
| 337 |
|
|
|a bez média
|b n
|2 rdamedia
|
| 338 |
|
|
|a svazek
|b nc
|2 rdacarrier
|
| 500 |
|
|
|a "Napsali Štěpánka Sekaninová a Tom Velčovský, ilustroval Adam Wolf"--Tiráž
|
| 500 |
|
|
|a Pro nakladatelství Albatros ve společnosti Albatros Media a.s. připravilo nakladatelství B4U Publishing
|
| 521 |
8 |
|
|a Pro čtenáře od 9 let
|
| 650 |
0 |
7 |
|a archeologie
|7 ph118578
|2 czenas
|
| 650 |
0 |
7 |
|a archeologické nálezy
|7 ph137683
|2 czenas
|
| 650 |
0 |
7 |
|a archeologové
|7 ph118581
|2 czenas
|
| 650 |
0 |
9 |
|a archaeology
|2 eczenas
|
| 650 |
0 |
9 |
|a antiquities
|2 eczenas
|
| 650 |
0 |
9 |
|a archaeologists
|2 eczenas
|
| 655 |
|
7 |
|a populárně-naučné publikace
|7 fd131864
|2 czenas
|
| 655 |
|
7 |
|a obrazové publikace
|7 fd132947
|2 czenas
|
| 655 |
|
7 |
|a publikace pro děti
|7 fd133156
|2 czenas
|
| 655 |
|
9 |
|a popular works
|2 eczenas
|
| 655 |
|
9 |
|a pictorial works
|2 eczenas
|
| 655 |
|
9 |
|a children's literature
|2 eczenas
|
| 700 |
1 |
|
|a Velčovský, Tom
|7 hka20211105277
|4 aut
|
| 700 |
1 |
|
|a Wolf, Adam
|7 hka2014836824
|4 ill
|
| 910 |
2 |
|
|a BOA001
|b 4-1501.515
|
| 928 |
9 |
|
|a Albatros Media - Albatros
|
| 928 |
9 |
|
|a Albatros Media - B4U Publishing
|
| 928 |
9 |
|
|a B4U Publishing
|
| 990 |
|
|
|a BK
|
| 995 |
|
|
|a 01
|
| 991 |
|
|
|b 202301
|c NOV
|
| 996 |
6 |
|
|b 2610928554
|c 4-1501.515
|l MZK
|r Sklad / do 1 hodiny
|n 0
|p p.v.
|w 001912078
|u 000010
|a 1
|e BOA001
|j MZK50
|s P
|